Global marketing / (Record no. 1745)

000 -LEADER
fixed length control field 00535nam a22001817a 4500
003 - CONTROL NUMBER IDENTIFIER
control field OSt
005 - DATE AND TIME OF LATEST TRANSACTION
control field 20150504163111.0
008 - FIXED-LENGTH DATA ELEMENTS--GENERAL INFORMATION
fixed length control field 150504b xxu||||| |||| 00| 0 eng d
050 ## - LIBRARY OF CONGRESS CALL NUMBER
Classification number HF1416 .K443 2005
100 ## - MAIN ENTRY--PERSONAL NAME
Personal name Keegan, Warren J.
245 ## - TITLE STATEMENT
Title Global marketing /
Statement of responsibility, etc Warren J. Keegan, Mark C. Green.
250 ## - EDITION STATEMENT
Edition statement 4th ed.
260 ## - PUBLICATION, DISTRIBUTION, ETC. (IMPRINT)
Place of publication, distribution, etc Upper Saddle River, N.J. :
Name of publisher, distributor, etc Prentice Hall,
Date of publication, distribution, etc c2003
300 ## - PHYSICAL DESCRIPTION
Extent xx,636p.
Other physical details ill.
504 ## - BIBLIOGRAPHY, ETC. NOTE
Bibliography, etc includes bibliographical references and indexes.
650 ## - SUBJECT ADDED ENTRY--TOPICAL TERM
Source of heading or term Export marketing.
942 ## - ADDED ENTRY ELEMENTS (KOHA)
Source of classification or shelving scheme
Koha item type Book
Holdings
Withdrawn status Lost status Source of classification or shelving scheme Damaged status Not for loan Home library Current library Shelving location Date acquired Total Checkouts Full call number Barcode Date last seen Date checked out Copy number Price effective from Koha item type
          Riara University Library Riara University Library General stack 04/05/2015 2 HF1416 .K443 2005 5782/15 09/02/2016 12/01/2016 C.1 04/05/2015 Book
          Riara University Library Riara University Library General stack 08/08/2016       08/08/2016     08/08/2016 Book

Riara University Library,
P.O. Box 49940-00100,
Nairobi, Kenya.